[Event "Mayors Cup Open"]
[Site "Mumbai IND"]
[Date "2008.05.17"]
[Round "9"]
[White "Prince,Ba"]
[Black "Bitan,B"]
[Result "0-1"]
[WhiteElo "2000"]
[BlackElo "2258"]

1.e4 e6 2.d4 d5 3.Nd2 Be7 4.c3 c5 5.exd5 exd5 6.Ngf3 Nf6 7.dxc5 Bxc5 8.Nb3 Be7
9.Be2 O-O 10.O-O Bg4 11.h3 Bh5 12.Be3 Nbd7 13.Re1 Re8 14.Nbd4 Bd6 15.Nf5 Bb8
16.N3d4 Bg6 17.Bd3 h6 18.Bc2 a6 19.Qd2 Qc7 20.Ng3 Ne4 21.Bxe4 dxe4 22.Nde2 Ne5
23.Bf4 Ba7 24.Nd4 Qe7 25.Ngf5 Qf6 26.Ng3 Nd3 27.Be3 Nxe1 28.Rxe1 Rad8 29.Qe2 Qe5
30.Nc6 bxc6 31.Bxa7 Qb5 32.Qxb5 axb5 33.Bd4 Rd5 34.b4 Rdd8 35.Ne2 f6 36.Nc1 Bf7
37.Re2 Bc4 38.Rd2 f5 39.g3 g5 40.Nb3 f4 41.gxf4 gxf4 42.Na5 Bd5 43.a4 Rd6
44.Kf1 e3 45.fxe3 fxe3 46.Re2 Rde6 47.Ke1 Bf3 48.Rb2 Rg6 49.Kf1 Bh5  0-1

[Event "Capo d'Orso Open"]
[Site "Porto Mannu Palau ITA"]
[Date "2008.05.17"]
[Round "1"]
[White "Aagaard,J"]
[Black "Molina,Fa"]
[Result "1-0"]
[WhiteElo "2533"]
[BlackElo "2313"]

1.e4 e6 2.d4 d5 3.Nd2 Be7 4.Ngf3 Nf6 5.e5 Nfd7 6.c4 dxc4 7.Bxc4 Nb6 8.Bb3 Bd7
9.O-O Bc6 10.Re1 Na6 11.Ne4 h6 12.Bc2 Bb4 13.Bd2 Qe7 14.a3 Bxd2 15.Qxd2 Rd8
16.Rad1 Bd5 17.Qf4 Bxe4 18.Qxe4 Nd5 19.Nd2 g5 20.Nc4 Nb8 21.Rd3 Nd7 22.Na5 Rb8
23.b4 N7b6 24.Rc1 Qd7 25.Bd1 Nf4 26.Re3 c6 27.g3 Ng6 28.Bh5 Rg8 29.Bf3 Ke7
30.Rxc6 Nd5 31.Rd6 Qb5 32.Be2 Qa4 33.Rf3 Rbc8 34.Rxd5 Rc1+ 35.Kg2 exd5 36.Qxd5 Qd7  1-0

[Event "Mayors Cup Open"]
[Site "Mumbai IND"]
[Date "2008.05.19"]
[Round "11"]
[White "Priyadharshan,K"]
[Black "Singh,Gurp"]
[Result "0-1"]
[WhiteElo "2317"]
[BlackElo "2232"]

1.e4 e6 2.d4 d5 3.Nd2 Nc6 4.Ngf3 Nf6 5.e5 Nd7 6.Bd3 f6 7.Ng5 Ndxe5 8.dxe5 fxg5
9.Qh5+ g6 10.Bxg6+ Kd7 11.Bd3 Nxe5 12.Be2 Qf6 13.Nb3 Be7 14.Be3 Ng6 15.g3 c6
16.O-O-O Kc7 17.Rhf1 e5 18.f4 gxf4 19.gxf4 Nxf4 20.Rxf4 exf4 21.Rf1 Bd7 22.Bd4 Qf5
23.Qxf5 Bxf5 24.Bxh8 Rxh8 25.Nd4 Bd7 26.Kd1 Rf8 27.c3 Rf6 28.Bd3 Bd6 29.Nf3 Bg4
30.Bxh7 Rh6 31.Bd3 Rxh2 32.Be2 Rg2 33.Nd4 Bd7 34.Rh1 c5 35.Nc2 Bf5 36.Ne1 Rf2
37.Rh6 Be4 38.Rh3 c4 39.Nf3 Bf5 40.Rh5 Bg4 41.Rh7+ Kb6 42.Ke1 Rxf3  0-1

[Event "Capo d'Orso Open"]
[Site "Porto Mannu Palau ITA"]
[Date "2008.05.19"]
[Round "3"]
[White "Korneev,O"]
[Black "Guanciale,O"]
[Result "1-0"]
[WhiteElo "2651"]
[BlackElo "2182"]

1.e4 e6 2.d4 d5 3.Nd2 Nc6 4.Ngf3 Nf6 5.e5 Nd7 6.Be2 Be7 7.Nf1 O-O 8.Ne3 f6
9.exf6 Nxf6 10.O-O Bd6 11.c4 b6 12.b3 Bb7 13.Bb2 Bf4 14.a3 Qe8 15.Qd3 Rd8
16.cxd5 exd5 17.Rae1 Bxe3 18.fxe3 Ne4 19.b4 a6 20.Qc2 Rd6 21.Bd3 Rh6 22.Ne5 Rxf1+
23.Rxf1 Nxe5 24.dxe5 Rc6 25.Qb3 Re6 26.Bxe4 dxe4 27.Rc1 Bc6 28.Qc4 Bb5 29.Qxc7 Rc6
30.Rxc6 Qxc6 31.Qb8+ Kf7 32.h3 g5 33.Bd4 g4 34.Qa7+ Qd7 35.Qxb6 Qf5 36.hxg4 Qxg4
37.Qf6+ Kg8 38.e6 Qd1+ 39.Kh2 Qh5+ 40.Kg3 Qg6+ 41.Qxg6+ hxg6 42.Kf4  1-0

[Event "Frank K Berry ch-USA"]
[Site "Tulsa USA"]
[Date "2008.05.21"]
[Round "9"]
[White "Kudrin,S"]
[Black "Perelshteyn,E"]
[Result "1/2-1/2"]
[WhiteElo "2549"]
[BlackElo "2552"]

1.e4 e6 2.d4 d5 3.Nd2 Be7 4.Bd3 c5 5.dxc5 Nf6 6.Qe2 O-O 7.Ngf3 a5 8.O-O Na6
9.e5 Nd7 10.c3 Naxc5 11.Bc2 b6 12.Qe3 Ba6 13.Re1 f6 14.exf6 Bxf6 15.Nb3 e5
16.Nxc5 bxc5 17.Ng5 Bxg5 18.Qxg5 Qe8 19.Be3 Qf7 20.Qh4 h6 21.Rad1 Rab8 22.b3 Rb6
23.f3 Rf6 24.c4 d4 25.Qe4 g5 26.Bd2 Re6 27.Bxa5 Bc8 28.Bd2 Nf6 29.Qg6+ Qxg6
30.Bxg6 Kg7 31.Bb1 Bb7 32.Re2 Rfe8 33.Rde1 e4 34.fxe4 Nxe4 35.a4 Kf7 36.Bxe4 Rxe4
37.Rxe4 Rxe4 38.Rxe4 Bxe4 39.a5 Bb7 40.Kf2 Ke6 41.g4 Ke5 42.Kg3 Ke4 43.h4 Kd3
44.hxg5 hxg5 45.Bxg5 Kc3 46.Kf4 Kxb3 47.Ke5 Kxc4 48.Bd2 Kb5 49.g5 Bf3 50.g6 Bh5
51.g7 Bf7 52.Be1  1/2-1/2

[Event "TCh-FRA Top 16 Poule Basse"]
[Site "Evry FRA"]
[Date "2008.05.29"]
[Round "8"]
[White "Acher,M"]
[Black "Baudson,C"]
[Result "1-0"]
[WhiteElo "2381"]
[BlackElo "2053"]

1.e4 e6 2.d4 d5 3.Nd2 Be7 4.Ngf3 c5 5.exd5 Qxd5 6.Bc4 Qd8 7.dxc5 Bxc5 8.O-O Qc7
9.Ne4 Be7 10.Qd4 Nf6 11.Bg5 Nxe4 12.Qxe4 Bxg5 13.Nxg5 h6 14.Nxe6 fxe6 15.Bxe6 Bxe6
16.Qxe6+ Kf8 17.Rad1 Nc6 18.Rd5 Nd8 19.Qf5+ Qf7 20.Qd3 Qe7 21.Rd7 Qf6 22.Rd6 Qe7
23.Rd7 Qf6 24.Re1 Nc6 25.Rxb7 Rd8 26.Rd7 a5 27.h3 h5 28.Re3 Kg8 29.Rxd8+ Qxd8
30.Qc4+ Kh7 31.Qxc6 Rf8 32.Qe4+ Kh6 33.Rd3 Qb8 34.Rg3 Qd6 35.Qe3+ Rf4 36.Rf3 g5
37.Qe2 h4 38.Rd3 Qb6 39.Rb3 Qc6 40.Qe3 Rf6 41.Rc3 Qd7 42.Rc5 Rf5 43.Rxf5 Qxf5
44.Qb6+ Kh7 45.Qc7+ Kh6 46.Qc6+ Kg7 47.a4 Qf4 48.Qc3+ Kh6 49.Qc6+ Kg7 50.Qd7+ Kf6
51.Qc6+ Kg7 52.Qc3+ Kh6 53.Kf1 Qxa4 54.Qf6+ Kh5 55.b3 Qb5+ 56.Ke1 a4 57.bxa4 Qxa4
58.Qf5 Kh6 59.Qe6+ Kh7 60.c4 Qc2 61.Qd5 Kg6 62.Qd4 Kf5 63.g4+ hxg3 64.fxg3 Qc1+
65.Ke2 Qc2+ 66.Ke3 Qc1+ 67.Qd2 Qxc4 68.Qd3+ Qxd3+ 69.Kxd3 Ke5 70.Ke3 Kf5
71.Kd4 Ke6 72.Ke4 Kf6 73.Kd5 Kf5 74.g4+  1-0

[Event "TCh-FRA Top 16 Poule Basse"]
[Site "Evry FRA"]
[Date "2008.05.31"]
[Round "10"]
[White "Roos,Dan"]
[Black "Marzolo,C"]
[Result "1/2-1/2"]
[WhiteElo "2408"]
[BlackElo "2476"]

1.e4 e6 2.d4 d5 3.Nd2 Be7 4.Bd3 c5 5.dxc5 Nf6 6.Qe2 Nc6 7.Ngf3 Nb4 8.O-O Nxd3
9.cxd3 Bxc5 10.Nb3 Be7 11.Bg5 h6 12.Bh4 dxe4 13.dxe4 Qb6 14.Rfd1 Bd7 15.Ne5 Bb5  1/2-1/2

[Event "XXX Nezhmetdinov Mem"]
[Site "Kazan RUS"]
[Date "2008.06.01"]
[Round "1"]
[White "Efanov,N"]
[Black "Demanov,N"]
[Result "1/2-1/2"]
[WhiteElo "2348"]
[BlackElo "2038"]

1.e4 e6 2.d4 d5 3.Nd2 Be7 4.Ngf3 Nf6 5.Bd3 c5 6.e5 Nfd7 7.c3 Nc6 8.O-O g5
9.dxc5 Ndxe5 10.Bb5 Ng6 11.Nb3 e5 12.Re1 f6 13.Nfd2 O-O 14.Nf1 a6 15.Be2 Be6
16.Ne3 Qd7 17.Bf3 e4 18.Be2 f5 19.Nc2 Rad8 20.Nbd4 f4 21.Nxe6 Qxe6 22.Nd4 Nxd4
23.cxd4 f3 24.Bxf3 Qf7 25.Bg4 Qxf2+ 26.Kh1 Nh4 27.Bh3 h5 28.Be3 Qf7 29.g3 Nf3
30.Rf1 g4 31.Bg2 h4 32.gxh4 Bxh4 33.Bxf3 exf3 34.Bf2 g3 35.Bxg3 Bxg3 36.Rg1 Kh8
37.Rxg3 Qf5 38.Qd2 Rf6 39.Rg5 Qh3 40.Qf2 Re8 41.Re1 Rg8 42.Rxg8+ Kxg8 43.Re7 Rg6
44.Re8+ Kh7 45.Re7+ Kg8 46.Re8+ Kh7 47.Re7+  1/2-1/2

[Event "XXX Nezhmetdinov Mem"]
[Site "Kazan RUS"]
[Date "2008.06.03"]
[Round "3"]
[White "Denisov,I"]
[Black "Matorkin,D"]
[Result "1-0"]
[WhiteElo "2118"]
[BlackElo "1847"]

1.e4 e6 2.d4 d5 3.Nd2 a6 4.Ngf3 c5 5.c3 Nc6 6.Bd3 dxe4 7.Nxe4 cxd4 8.cxd4 Nf6
9.O-O Be7 10.a3 O-O 11.Be3 h6 12.Rc1 Qa5 13.Bb1 Nxe4 14.Bxe4 Rd8 15.Bxc6 bxc6
16.Ne5 Bb7 17.Qh5 Rf8 18.Bxh6 gxh6 19.Qxh6 Qd8 20.Rc3 Bh4 21.Rh3 Qf6 22.Rg3+ Bxg3
23.Qxf6 Bxe5 24.dxe5  1-0

[Event "115th ch-SCO"]
[Site "Glasgow SCO"]
[Date "2008.06.11"]
[Round "7"]
[White "McGowan,D"]
[Black "Khamroev,R"]
[Result "0-1"]
[WhiteElo "2107"]
[BlackElo "2129"]

1.e4 e6 2.d4 d5 3.Nd2 Nc6 4.Ngf3 Nf6 5.e5 Nd7 6.c3 f6 7.exf6 Qxf6 8.Bd3 Bd6
9.Nf1 e5 10.dxe5 Ndxe5 11.Nxe5 Nxe5 12.Be2 O-O 13.Be3 c6 14.Ng3 Ng6 15.O-O Be6
16.Bg4 Rae8 17.Bxe6+ Rxe6 18.Bxa7 c5 19.Qxd5 Nf4 20.Qc4 Qh4 21.Kh1 b5 22.Qxb5 Ne2
23.Qd7 Rh6 24.h3 Rd8 25.Nf5 Rxd7 26.Nxh4 Rxh4 27.Rfd1 Rxa7 28.Rxd6 Rf4 29.f3 Rfa4
30.Re1 Nf4 31.Re5 g6 32.Rxc5 Rxa2 33.Rb5 Kg7 34.Kh2 Re7 35.Rd2 h5 36.Kg3 Ne2+
37.Kf2 Nxc3 38.Rc5 Rxb2 39.Rxb2 Nd1+ 40.Kf1 Nxb2 41.g4 h4 42.Rc3 Kf6 43.f4 Re4
44.Rc6+ Kf7 45.Rc7+ Kf8 46.Rc8+ Ke7 47.Rc7+ Kf6 48.Rc6+ Re6 49.Rc3 Na4 50.Rc8 Re3
51.Kg2 Nb6 52.Rh8 Nd5 53.g5+ Kf5 54.Rf8+ Ke4 55.f5 Rg3+ 56.Kh2 gxf5 57.Rg8 Nf4
58.g6 Ne2  0-1

[Event "Open"]
[Site "Teplice CZE"]
[Date "2008.06.14"]
[Round "1"]
[White "Bakajsa,L"]
[Black "Langrock,H"]
[Result "0-1"]
[WhiteElo "1910"]
[BlackElo "2395"]

1.e4 e6 2.d4 d5 3.Nd2 Be7 4.e5 Nh6 5.Bd3 c5 6.c3 Nc6 7.Ndf3 Nf5 8.Ne2 cxd4
9.cxd4 Qb6 10.O-O Bd7 11.Bxf5 exf5 12.Nf4 Be6 13.b3 O-O-O 14.Be3 h6 15.Qc2 g5
16.Ne2 f4 17.Bc1 Kb8 18.Bb2 Nb4 19.Qd2 Bf5 20.Ne1 Rc8 21.Bc3 Qb5 22.a3 Nd3
23.a4 Qa6 24.b4 Nxe1 25.Rfxe1 Rc4 26.b5 Qg6 27.Rec1 Rhc8 28.f3 f6 29.exf6 Bxf6
30.Bb4 Bd3 31.Bd6+ Ka8 32.Rxc4 Rxc4 33.Be5 Bxe5 34.dxe5 Kb8 35.Rd1 Qb6+ 36.Kh1 Bxe2
37.Qxe2 Qe3 38.Qb2 d4 39.Qa2 Rc1 40.Qg8+ Kc7 41.b6+ axb6  0-1

[Event "ch-Panamerican U20"]
[Site "Cali COL"]
[Date "2008.06.15"]
[Round "9"]
[White "Flores Rios,M"]
[Black "Cordova,Em"]
[Result "0-1"]
[WhiteElo "2391"]
[BlackElo "2518"]

1.e4 e6 2.d4 d5 3.Nd2 Be7 4.Bd3 c5 5.dxc5 Nf6 6.Qe2 Qc7 7.Ngf3 Nbd7 8.O-O dxe4
9.Nxe4 Nxe4 10.Qxe4 Nxc5 11.Bb5+ Kf8 12.Qe3 a6 13.Be2 f6 14.b3 Kf7 15.Bb2 Re8
16.Rfe1 Kg8 17.a4 e5 18.b4 Ne6 19.Qb3 Kh8 20.Bc4 Bd6 21.a5 Bd7 22.Rad1 Rac8
23.Bf1 Nf8 24.c4 e4 25.c5 Bf4 26.Nd4 Bxh2+ 27.Kh1 Qf4 28.g3 Qxf2 29.Bg2 Qxg3
30.Qxg3 Bxg3 31.Rxe4 Be5 32.Rde1 Bxd4 33.Bxd4 Rxe4 34.Rxe4 Ng6 35.Re1 Bc6
36.b5 axb5 37.Bxc6 bxc6 38.a6 Kg8  0-1

[Event "8th TCh-Euro U18"]
[Site "Szeged HUN"]
[Date "2008.06.15"]
[Round "2"]
[White "Mader,Ma"]
[Black "Varga,Dav"]
[Result "0-1"]
[WhiteElo "2161"]
[BlackElo "2289"]

1.e4 e6 2.d4 d5 3.Nd2 a6 4.c3 c5 5.exd5 exd5 6.Ngf3 Nf6 7.Be2 Nc6 8.dxc5 Bxc5
9.Nb3 Ba7 10.O-O O-O 11.Bg5 Re8 12.Nfd4 Qd6 13.Bf3 Ne4 14.Nxc6 bxc6 15.Bxe4 Rxe4
16.Qd2 Bf5 17.Rae1 Qg6 18.Bf4 Ra4 19.Ra1 Be4 20.Bg3 h5 21.h4 Qxg3  0-1

[Event "XXVI Balatoni Sakkfesztival IM"]
[Site "Balatonlelle HUN"]
[Date "2008.06.16"]
[Round "3"]
[White "Szabo,Zso2"]
[Black "Mitscherling,A"]
[Result "1-0"]
[WhiteElo "2445"]
[BlackElo "2281"]

1.e4 e6 2.d4 d5 3.Nd2 Be7 4.Bd3 Nf6 5.e5 Nfd7 6.Ne2 b6 7.O-O Ba6 8.Bxa6 Nxa6
9.c4 dxc4 10.Nxc4 O-O 11.Bf4 Re8 12.a3 Nf8 13.Qa4 Nb8 14.Rfd1 Nbd7 15.Qc6 a5
16.Rac1 Ra7 17.Bg3 Qa8 18.Qa4 Rb8 19.Qc2 c5 20.Nd6 Ng6 21.Nb5 Rab7 22.d5 Ndxe5
23.dxe6 fxe6 24.Qb3 c4 25.Qe3 Bc5 26.Ned4 Nd3 27.Qxe6+ Kh8 28.Bxb8 Nxc1 29.Nc6 Nd3
30.Nc7 Rxc7 31.Bxc7 Bxf2+ 32.Kh1 Bc5 33.Bg3 Qg8 34.Qe2 a4 35.Rf1 h6 36.Qe4 Nf8
37.Ne5 Nxe5 38.Bxe5 Nh7 39.Qg6 Bf8 40.Qxb6 Nf6 41.Qc6 Ng4 42.Bc3 Be7 43.Qe4  1-0

[Event "Serbia Cup"]
[Site "Zlatibor SRB"]
[Date "2008.06.16"]
[Round "1"]
[White "Perunovic,Mil"]
[Black "Ilic,DM"]
[Result "1-0"]
[WhiteElo "2579"]
[BlackElo "2335"]

1.e4 e6 2.d4 d5 3.Nd2 Nc6 4.Ngf3 Nf6 5.e5 Nd7 6.Nb3 a5 7.a4 b6 8.h4 Be7 9.h5 Ba6
10.Bxa6 Rxa6 11.Rh3 h6 12.Bf4 Ra8 13.Kf1 Ncb8 14.Rg3 Bf8 15.Rc1 Qc8 16.Kg1 Qa6
17.Nbd2 Nc6 18.Nf1 Nb4 19.Ne3 Rd8 20.Ne1 c5 21.c3 Nc6 22.N1c2 b5 23.Na3 bxa4
24.Qxa4 Rb8 25.Nxd5 exd5 26.e6 fxe6 27.Bxb8 Ncxb8 28.c4 Qc6 29.Qc2 cxd4 30.Nb5 e5
31.Qe2  1-0

[Event "XXVI Balatoni Sakkfesztival IM"]
[Site "Balatonlelle HUN"]
[Date "2008.06.17"]
[Round "5"]
[White "Wittmann,W"]
[Black "Hess,C1"]
[Result "1-0"]
[WhiteElo "2279"]
[BlackElo "2281"]

1.e4 e6 2.d4 d5 3.Nd2 Be7 4.c3 c5 5.dxc5 Bxc5 6.Nb3 Bb6 7.exd5 exd5 8.Qe2+ Ne7
9.Be3 Nbc6 10.Bxb6 Qxb6 11.Qb5 O-O 12.Qxb6 axb6 13.Nf3 Re8 14.Kd2 Nf5 15.Bd3 Nd6
16.Rhf1 Bf5 17.Bxf5 Nxf5 18.a3 Re4 19.Rad1 h6 20.Kc1 Na5 21.Nxa5 Rxa5 22.Rd4 Nd6
23.Rd2 Nc4 24.Rc2 Rc5 25.Nd4 g6 26.a4 Rc8 27.b3 Na5 28.Kb2 Nc6 29.Nf3 f5
30.h3 Rd8 31.Rd2 Ne5 32.c4 d4  1-0

[Event "8th TCh-Euro U18 Girls"]
[Site "Szeged HUN"]
[Date "2008.06.17"]
[Round "4"]
[White "Traistaru,T"]
[Black "Vojinovic,J"]
[Result "0-1"]
[WhiteElo "2160"]
[BlackElo "2217"]

1.e4 e6 2.d4 d5 3.Nd2 Be7 4.Ngf3 Nf6 5.Bd3 c5 6.dxc5 dxe4 7.Nxe4 Nxe4 8.Bxe4 Qxd1+
9.Kxd1 Bxc5 10.Ke2 Nd7 11.a3 a5 12.c4 a4 13.Rd1 Be7 14.Nd4 Nc5 15.Nb5 O-O
16.Bc2 Bd7 17.Be3 Bc6 18.f3 g5 19.Nd6 b6 20.Bxc5 bxc5 21.Be4 Bxe4 22.Nxe4 Rfb8
23.Rab1 Rb7 24.Kd2 h5 25.Kc2 Kg7 26.Rd3 Kg6 27.Nd6 Bxd6 28.Rxd6 Re7 29.Rbd1 h4
30.Rb6 Kf5 31.Rbd6 Raa7 32.R1d3 Kf4 33.Rb6 Ra8 34.Kd2 Raa7 35.Ke2 Rab7 36.Rdd6 Red7
37.Rxd7 Rxb6 38.Rxf7+ Ke5 39.Ra7 Rxb2+ 40.Kf1 Kd4 41.h3 Kxc4 42.Rxa4+ Kd3
43.Ra6 e5 44.Rd6+ Ke3 45.Rd1 c4 46.Re1+ Kd4 47.Re4+ Kd5 48.Ke1 Rxg2 49.Re2 Rxe2+
50.Kxe2 e4 51.fxe4+ Kxe4 52.a4 Kd5  0-1

[Event "Serbia Cup"]
[Site "Zlatibor SRB"]
[Date "2008.06.17"]
[Round "2"]
[White "Zivkovic,I"]
[Black "Simic,Dragi"]
[Result "1/2-1/2"]
[WhiteElo "2308"]
[BlackElo "2334"]

1.e4 e6 2.d4 d5 3.Nd2 Be7 4.Ngf3 Nf6 5.Bd3 c5 6.dxc5 dxe4 7.Nxe4 Nxe4 8.Bxe4 Qxd1+
9.Kxd1 Bxc5 10.Ke2 Nd7 11.Rd1 Be7 12.Nd4 a6  1/2-1/2

[Event "XXVI Balatoni Sakkfesztival IM"]
[Site "Balatonlelle HUN"]
[Date "2008.06.21"]
[Round "9"]
[White "Szabo,Zso2"]
[Black "Hess,C1"]
[Result "1-0"]
[WhiteElo "2445"]
[BlackElo "2281"]

1.e4 e6 2.d4 d5 3.Nd2 Be7 4.Bd3 c5 5.dxc5 Nf6 6.exd5 Qxd5 7.Ngf3 Nbd7 8.b4 a5
9.Bc4 Qh5 10.c3 Nd5 11.Ne4 O-O 12.Bd2 axb4 13.cxb4 Qg4 14.Qe2 N7f6 15.Ng3 Nf4
16.Bxf4 Qxf4 17.O-O Bd7 18.Rfd1 Bc6 19.Rd4 Bxf3 20.Rxf4 Bxe2 21.Nxe2 Nd5
22.Bxd5 exd5 23.a4 Bf6 24.Ra2 d4 25.Rf3 Rfe8 26.Kf1 h5 27.Nf4 d3 28.Nxd3 Bc3
29.Rc2 Bd4 30.Nf4 Ra6 31.Nd3  1-0

[Event "8th TCh-Euro U18"]
[Site "Szeged HUN"]
[Date "2008.06.21"]
[Round "7"]
[White "Mader,Ma"]
[Black "Berczes,D"]
[Result "0-1"]
[WhiteElo "2161"]
[BlackElo "2453"]

1.e4 e6 2.d4 d5 3.Nd2 Be7 4.Ngf3 Nf6 5.e5 Nfd7 6.Bd3 c5 7.c3 Nc6 8.O-O g5
9.dxc5 g4 10.Nd4 Ndxe5 11.Nxc6 bxc6 12.Nb3 Nxd3 13.Qxd3 e5 14.Re1 f6 15.Bh6 Kf7
16.Rad1 a5 17.c4 a4 18.cxd5 axb3 19.d6 bxa2 20.Qc3 Bf8 21.d7 Bxh6 22.Qc4+ Ke7
23.dxc8=N+ Qxc8 24.Qd3 Qe6  0-1

[Event "XII Izmailov Mem"]
[Site "Tomsk RUS"]
[Date "2008.06.26"]
[Round "2"]
[White "Nevostrujev,V"]
[Black "Aitbayev,A"]
[Result "1-0"]
[WhiteElo "2466"]
[BlackElo "2282"]

1.e4 e6 2.d4 d5 3.Nd2 Be7 4.e5 c5 5.c3 Nc6 6.Bd3 cxd4 7.cxd4 Nh6 8.Ne2 Nf5
9.O-O O-O 10.Nf3 Bd7 11.a3 a6 12.Bc2 Rc8 13.Nc3 Nh4 14.Nxh4 Bxh4 15.Qd3 g6
16.Bh6 Re8 17.Rad1 Na7 18.Bb1 Qb6 19.Qh3 Be7 20.Nxd5 exd5 21.Qxd7 Nc6 22.Qxd5 Rcd8
23.Qxf7+  1-0

[Event "XII Izmailov Mem"]
[Site "Tomsk RUS"]
[Date "2008.06.26"]
[Round "2"]
[White "Simonov,S"]
[Black "Temirbayev,S"]
[Result "1/2-1/2"]
[WhiteElo "2317"]
[BlackElo "2485"]

1.e4 e6 2.d4 d5 3.Nd2 a6 4.Ngf3 c5 5.exd5 exd5 6.dxc5 Bxc5 7.Nb3 Bb6 8.Bd3 Nf6
9.Qe2+ Be6 10.Nbd4 Qe7 11.O-O O-O 12.Bg5 Nbd7 13.Rfe1 Rfe8 14.Nxe6 Qxe6 15.Qxe6 fxe6
16.Bf4 Nc5 17.Ne5 Rac8 18.Re2 Nh5 19.Bg5 Nxd3 20.Nxd3 h6 21.Bf4 Rc4 22.Be5 Nf6
23.g3 Ng4 24.Kg2 Re4 25.Rae1 Nxe5 26.Nxe5 Rxe2 27.Rxe2 Bc7 28.Nd3 Bd6 29.c3 Kf7
30.Ne5+ Bxe5 31.Rxe5 Rc8 32.f4 Kf6 33.Kf3 Rc4 34.Re3 b5 35.Rd3 Re4 36.Rd4 Re1
37.a4 bxa4 38.Rxa4 Rb1 39.Ra2 h5  1/2-1/2

[Event "Duras GM Teplarny"]
[Site "Brno CZE"]
[Date "2008.06.28"]
[Round "3"]
[White "Simacek,P"]
[Black "Macak,S"]
[Result "1-0"]
[WhiteElo "2461"]
[BlackElo "2342"]

1.e4 e6 2.d4 d5 3.Nd2 Nc6 4.Ngf3 Nf6 5.e5 Nd7 6.Bb5 a5 7.Nf1 Na7 8.Bd3 Be7
9.Ng3 b6 10.h4 h6 11.Nh5 g6 12.Nf4 Nf8 13.c4 dxc4 14.Bxc4 Bb4+ 15.Kf1 Bb7
16.Be3 Be4 17.a3 Be7 18.d5 exd5 19.Bxd5 Bxd5 20.Qxd5 Qxd5 21.Nxd5 Ne6 22.Rc1 Bd8
23.h5 g5 24.Nd2 O-O 25.Ne4 Kh8 26.g3 c5 27.f4 gxf4 28.gxf4 Ng7 29.Nd6 f6
30.Ke2 Nc6 31.Rcg1 fxe5 32.Rg6 exf4 33.Rxh6+ Kg8 34.Bxf4 Nd4+ 35.Kd3 Nde6
36.Be5 Ra7 37.Rg1 Bg5 38.Bxg7  1-0

[Event "International Open"]
[Site "Philadelphia USA"]
[Date "2008.06.28"]
[Round "5"]
[White "Ramaswamy,A"]
[Black "Stancil,K"]
[Result "1/2-1/2"]
[WhiteElo "2298"]
[BlackElo "2162"]

1.e4 e6 2.d4 d5 3.Nd2 Be7 4.Ngf3 dxe4 5.Nxe4 Nf6 6.Bd3 a6 7.O-O Nbd7 8.c3 b5
9.Qe2 Bb7 10.Nxf6+ Bxf6 11.Rd1 O-O 12.a4 c6 13.Ne5 Qc7 14.f4 g6 15.Bd2 Nb6
16.a5 Nd5 17.b4 Bg7 18.Be4 Ne7 19.Rf1 Rae8 20.Rae1 Nf5 21.Qf3 Rc8 22.Qh3 Nd6
23.Bc2 Rce8 24.Bc1 Bc8 25.Rf3 f5 26.Rfe3 Re7 27.R3e2 Ne8 28.Nf3 Bf6 29.Bb3 Qd6
30.Ng5 Nc7 31.Nf3 Nd5 32.Ne5 Rg7 33.Kh1 Bd8 34.Qf3 Bc7 35.Qh3 Bd8 36.Qf3 Bc7
37.Qh3  1/2-1/2

[Event "Sparkassen Open"]
[Site "Dortmund GER"]
[Date "2008.07.01"]
[Round "3"]
[White "Fischoeder,H"]
[Black "Kotainy,J"]
[Result "0-1"]
[WhiteElo "1964"]
[BlackElo "2112"]

1.e4 e6 2.d4 d5 3.Nd2 Be7 4.c3 c5 5.dxc5 Nf6 6.Bb5+ Bd7 7.Bxd7+ Nbxd7 8.exd5 Nxc5
9.Ndf3 Qxd5 10.Qxd5 Nxd5 11.Nh3 Nd3+ 12.Ke2 Nxc1+ 13.Raxc1 h6 14.c4 Nb4 15.a3 Nc6
16.Nf4 g5 17.Nd3 f6 18.h3 e5 19.Ke3 O-O-O 20.Rhd1 h5 21.g4 hxg4 22.hxg4 Rh3
23.Ke4 f5+ 24.gxf5 g4 25.Nfxe5 Rd4+  0-1

[Event "XVI Open"]
[Site "Montcada i Reixac ESP"]
[Date "2008.07.01"]
[Round "7"]
[White "Fluvia Poyatos,Jor"]
[Black "Moskalenko,V"]
[Result "0-1"]
[WhiteElo "2504"]
[BlackElo "2572"]

1.e4 e6 2.d4 d5 3.Nd2 Be7 4.Ngf3 Nf6 5.e5 Nfd7 6.Bd3 c5 7.c3 b6 8.O-O Ba6
9.c4 cxd4 10.Nxd4 Nxe5 11.Bb1 dxc4 12.Be4 Qxd4 13.Bxa8 O-O 14.Nf3 Qxd1 15.Rxd1 Nbd7
16.Be4 f5 17.Nxe5 Nxe5 18.Bc2 Nd3 19.Rb1 Bf6 20.b4 e5 21.Ba3 Bb5 22.Bb2 e4
23.Bxf6 Rxf6 24.a4 Bc6 25.b5 Bd5 26.f3 Kf7 27.Bxd3 exd3 28.Kf2 Re6 29.Rd2 f4
30.a5 Re3 31.axb6 c3 32.Rxd3 Rxd3 33.bxa7 c2 34.Rc1 Rd2+ 35.Ke1 Rxg2  0-1

[Event "XII Izmailov Mem"]
[Site "Tomsk RUS"]
[Date "2008.07.01"]
[Round "7"]
[White "Kuporosov,V"]
[Black "Aitbayev,A"]
[Result "1/2-1/2"]
[WhiteElo "2448"]
[BlackElo "2282"]

1.e4 e6 2.d4 d5 3.Nd2 Be7 4.Ngf3 Nf6 5.exd5 exd5 6.Bd3 O-O 7.O-O Bg4 8.c3 Nbd7
9.h3 Bh5 10.Re1 Bd6 11.b3 Re8 12.Bb2 c6 13.Qc2 Qc7 14.c4 Bg6 15.a3 Rxe1+
16.Rxe1 Re8 17.Rxe8+ Nxe8 18.Nh4 Bxd3 19.Qxd3 g6 20.Nhf3 Ng7 21.Nf1 Ne6 22.g3 Qa5
23.Ne3 Nf6 24.cxd5 Nxd5 25.Nc4 Qd8 26.Bc1 Bf8 27.Nce5 Bg7 28.h4 Ne7 29.Qc4 Qd5
30.Qxd5 Nxd5 31.Bb2 Ne7 32.Nc4 Nf5 33.Na5 Nfxd4 34.Bxd4 Nxd4 35.Nxd4 Bxd4
36.Nxb7 Bf6 37.Nd6 Kf8  1/2-1/2

[Event "Sparkassen Open"]
[Site "Dortmund GER"]
[Date "2008.07.02"]
[Round "4"]
[White "Schlierkamp,F"]
[Black "Stroessner,L"]
[Result "1-0"]
[WhiteElo "2192"]
[BlackElo "1895"]

1.e4 e6 2.d4 d5 3.Nd2 Be7 4.exd5 exd5 5.Bd3 Nf6 6.h3 c5 7.Ngf3 Nc6 8.dxc5 Bxc5
9.O-O O-O 10.Nb3 Bb6 11.c3 Ne4 12.Nfd4 Nxd4 13.Nxd4 Bxd4 14.cxd4 Qf6 15.Be2 Bd7
16.Be3 Qb6 17.Rb1 Bb5 18.Re1 Bxe2 19.Qxe2 Rfe8 20.Qh5 Qa5 21.a3 Re6 22.Re2 Rae8
23.Rc2 Nd6 24.Rc5 Qa6 25.Qxd5 Qd3 26.Rbc1 Rxe3 27.fxe3 Qxe3+ 28.Kh1 Ne4 29.Rc8 Nf2+
30.Kh2 Nd3 31.Qe5 Qxe5+ 32.dxe5 Kf8 33.Rxe8+ Kxe8 34.Rc7  1-0

[Event "Helmut Kohl IM"]
[Site "Dortmund GER"]
[Date "2008.07.02"]
[Round "5"]
[White "Litwak,A"]
[Black "Trella,T"]
[Result "0-1"]
[WhiteElo "2292"]
[BlackElo "2300"]

1.e4 e6 2.d4 d5 3.Nd2 a6 4.Ngf3 c5 5.exd5 exd5 6.c4 Nf6 7.cxd5 cxd4 8.Bc4 b5
9.Bb3 Bc5 10.O-O O-O 11.Qc2 Bb6 12.Ne4 Bf5 13.Bg5 Bxe4 14.Bxf6 Qe8 15.Qd2 gxf6
16.Rae1 Nd7 17.Nxd4 Nc5 18.Bc2 Qe5 19.b4 Qxd5 20.bxc5 Bxc2 21.cxb6 Bg6 22.Qf4 Rfd8
23.Rd1 Qd6 24.Qxd6 Rxd6 25.b7 Rb8 26.Rfe1 Kf8 27.f4 Rxb7 28.f5 Bh5 29.Rd2 Rbd7
30.Re4 Be2 31.Rdxe2 Rxd4 32.Re8+ Kg7 33.Ra8 Ra4 34.h3 Rd5 35.Ra7 Rxf5 36.Rd2 Kg6
37.Rdd7 Rxa2 38.Rxf7 Rff2 39.Rg7+ Kf5 40.Rg4 h5 41.Rg8 Rf4 42.Rb8 b4 43.Rb6 h4
44.Rf7 Kg6 45.Rbb7 a5 46.Rg7+ Kf5 47.Rb5+ Ke6 48.Rb6+ Kd5 49.Rd7+ Kc4 50.Rc6+ Kb5
51.Rdd6 b3 52.Rb6+ Ka4 53.Rd3 Rb4 54.Ra6 b2 55.Kh2 b1=Q 56.Rxa5+ Kxa5 57.Rd5+ Rb5  0-1

[Event "7th Open"]
[Site "La Fere FRA"]
[Date "2008.07.05"]
[Round "1"]
[White "Marholev,D"]
[Black "Le Bars,Y"]
[Result "1-0"]
[WhiteElo "2366"]
[BlackElo "2084"]

1.e4 e6 2.d4 d5 3.Nd2 Nc6 4.Ngf3 Nf6 5.e5 Nd7 6.Bb5 a6 7.Ba4 b5 8.Bb3 Na5
9.c3 Nxb3 10.axb3 c5 11.dxc5 Qc7 12.b4 Nxe5 13.O-O Be7 14.Nxe5 Qxe5 15.Nf3 Qc7
16.Nd4 Bd7 17.f4 O-O 18.Be3 g6 19.Nf3 f6 20.Bd4 a5 21.Qd2 Ra6 22.Rae1 axb4
23.cxb4 Re8 24.Bc3 Raa8 25.Kh1 Rad8 26.f5 d4 27.fxg6 hxg6 28.Qh6 Bf8 29.Qxg6+ Bg7
30.Ng5 Bc6 31.Rxf6  1-0

[Event "5th Sth Wales Int"]
[Site "Trefforst WLS"]
[Date "2008.07.05"]
[Round "1"]
[White "Rudd,J"]
[Black "Bennett,P"]
[Result "1-0"]
[WhiteElo "2345"]
[BlackElo "2120"]

1.e4 e6 2.d4 d5 3.Nd2 Be7 4.Bd3 c5 5.exd5 cxd4 6.dxe6 Bxe6 7.Ngf3 Nc6 8.O-O Qb6
9.Nc4 Qc5 10.b3 b5 11.Ncd2 Nf6 12.Ne4 Nxe4 13.Bxe4 Rd8 14.Bb2 Bf6 15.a4 b4
16.Qd3 Bd5 17.Rfe1 O-O 18.Bxh7+ Kh8 19.Be4 Bxe4 20.Rxe4 Rd5 21.Rae1 g6 22.Qd2 Kg7
23.Bc1 Rh8 24.Re8 Rh7 25.Rc8 Qd6 26.Qd3 Ne5 27.Nxe5 Rxe5 28.Rxe5 Qxe5 29.h3 g5
30.Bd2 a5 31.Qb5 Qe6 32.Re8 Qd6 33.Bxg5 d3 34.Bxf6+ Qxf6 35.cxd3 Rh8 36.Rxh8 Kxh8
37.Qxa5 Qc3 38.Qd5 Qc1+ 39.Kh2 Qf4+ 40.g3 Qxf2+ 41.Qg2 Qd4 42.Qa2 f5 43.a5 f4
44.Qe2 f3 45.Qxf3 Qb2+ 46.Qg2 Qxb3 47.a6 Qf7 48.Qa8+ Kg7 49.Qb7 b3 50.Kg2 Kg6
51.Qb6+ Kh7 52.a7 Qd5+ 53.Kh2 Qf3 54.Qc7+ Kg6 55.Qd6+ Kg7 56.Qd4+ Kg6 57.Qe4+ Qxe4
58.dxe4 b2 59.a8=Q b1=Q 60.Qg8+ Kf6 61.Qf8+ Ke5 62.Qf4+ Kd4 63.h4 Qc2+ 64.Kh3 Qb1
65.h5 Qh1+ 66.Kg4 Qd1+ 67.Kh4  1-0

[Event "Sparkassen Open"]
[Site "Dortmund GER"]
[Date "2008.07.06"]
[Round "9"]
[White "Fox,D"]
[Black "Stroessner,L"]
[Result "1-0"]
[WhiteElo "2107"]
[BlackElo "1895"]

1.e4 e6 2.d4 d5 3.Nd2 Be7 4.e5 b6 5.Qg4 g6 6.Ndf3 h5 7.Qf4 Nh6 8.Bd2 Ba6
9.Ne2 c5 10.O-O-O Nc6 11.h3 Nf5 12.Ng3 Bxf1 13.Nxf5 gxf5 14.Rdxf1 cxd4 15.Nxd4 Nxd4
16.Qxd4 Rg8 17.g3 Qc7 18.Qa4+ Qd7 19.Qa6 Rc8 20.Kb1 Kd8 21.Rc1 Bc5 22.Qe2 Kc7
23.Rhd1 h4 24.gxh4 Be7 25.h5 Rg2 26.c4 Bc5 27.cxd5 Kb8 28.dxe6 Qxe6 29.Rf1 Rh2
30.Qf3 f4 31.Rc3 Rg8 32.Bxf4 Rhg2 33.Bg3 Qxh3 34.e6+ R2xg3 35.fxg3 fxe6 36.Rh1 Qf5+
37.Qxf5 exf5 38.h6  1-0